Statistics for ICAO FIR Regions - Africa

Click here to take the quiz!

General Stats

  • This quiz has been taken 3 times
  • The average score is 28 of 55

Answer Stats

QuestionAnswer% Correct
Equatorial GuineaFG
100%
AlgeriaDA
50%
BeninDB
50%
Burkina FasoDF
50%
GhanaDG
50%
Ivory CoastDI
50%
NigeriaDN
50%
NigerDR
50%
TunisiaDT
50%
TogoDX
50%
South AfricaFA
50%
BotswanaFB
50%
CongoFC
50%
eSwatiniFD
50%
Central African RepublicFE
50%
MauritiusFI
50%
CameroonFK
50%
ZambiaFL
50%
Madagascar | Comoros | Illes Eparses | La Reunion | MayotteFM
50%
AngolaFN
50%
GabonFO
50%
Sao Tome & PrincipeFP
50%
MozambiqueFQ
50%
SeychellesFS
50%
ChadFT
50%
ZimbabweFV
50%
MalawiFW
50%
LesothoFX
50%
NamibiaFY
50%
Democratic Republic of CongoFZ
50%
MaliGA
50%
GambiaGB
50%
Canary IslandsGC
50%
Ceuta | MelillaGE
50%
Sierra LeoneGF
50%
Guinea BissauGG
50%
LiberiaGL
50%
SenegalGO
50%
MauritaniaGQ
50%
Western SaharaGS
50%
GuineaGU
50%
Cabo VerdeGV
50%
EthiopiaHA
50%
BurundiHB
50%
SomaliaHC
50%
DjiboutiHD
50%
EgyptHE
50%
EritreaHH
50%
KenyaHK
50%
LibyaHL
50%
RwandaHR
50%
Sudan | South SudanHS
50%
TanzaniaHT
50%
UgandaHU
50%
MoroccoGM
0%

Score Distribution

Percentile by Number Answered

Percent of People with Each Score

Your Score History

You have not taken this quiz